Políticas y programas de superación de la pobreza desde la perspectiva del mercado del trabajo y el empleo en el sector del turismo en Ecuador /
Guardado en:
| Hovedforfatter: | |
|---|---|
| Format: | Texto |
| Fag: | |
| Tags: |
Tilføj Tag
Ingen Tags, Vær først til at tagge denne postø!
|
MARC
| LEADER | 00000 a a2200000 04500 | ||
|---|---|---|---|
| 001 | 43857 | ||
| 003 | |||
| 040 | |||
| 100 | |a Ordoñez, Martha | ||
| 245 | |a Políticas y programas de superación de la pobreza desde la perspectiva del mercado del trabajo y el empleo en el sector del turismo en Ecuador / |c Martha Ordoñez | ||
| 650 | |a POBREZA | ||
| 650 | |a EMPLEO | ||
| 650 | |a TURISMO | ||
| 650 | |a ECUADOR | ||
| 650 | |a MUJERES | ||
| 773 | |g número1 (2004 , 7 Páginas) | ||
| 999 | |c 22867 |d 22867 | ||
